书目信息 |
| 题名: |
电磁兼容原理
|
|
| 作者: | 凯瑟 著 ;肖华庭 , 雷有华 , 冀晋 译 | |
| 分册: | ||
| 出版信息: | 北京 电子工业出版社 1985 |
|
| 页数: | 304页 | |
| 开本: | 20cm | |
| 丛书名: | ||
| 单 册: | ||
| 中图分类: | TN03 | |
| 科图分类: | ||
| 主题词: | 电磁兼容性 | |
| 电子资源: | ||
| ISBN: | ||
| 000 | 00754nam0 2200277 45 | |
| 001 | 0185020761 | |
| 005 | 20040520110317.8 | |
| 010 | @dCNY2.50 | |
| 091 | @a15290.109 | |
| 100 | @a19900921d1985 em y0chiy0121 ea | |
| 101 | 1 | @achi@ceng |
| 102 | @aCN@b110000 | |
| 105 | @ay z 000yy | |
| 106 | @ar | |
| 200 | 10 | @a电磁兼容原理@Adian ci jian rong yuan li@f(美)凯瑟著@g肖华庭等译 |
| 210 | @a北京@c电子工业出版社@d1985 | |
| 215 | @a304页@d20cm | |
| 606 | @a电磁兼容性 | |
| 690 | @aTN03@v3 | |
| 701 | 1 | @a凯瑟@Akai se@bB.E.@4著 |
| 702 | 0 | @a肖华庭@Axiao hua ting@4译 |
| 702 | 0 | @a雷有华@Alei you hua@4译 |
| 702 | 0 | @a冀晋@Aji jin@4译 |
| 801 | 0 | @aCN@b深圳图书馆@c20040520 |
| 801 | 2 | @aCN@bNLC@c20040520 |
| 905 | @f2@b139457-458@dTN03@e25 | |
| 电磁兼容原理/(美)凯瑟著/肖华庭等译.-北京:电子工业出版社,1985 |
| 304页;20cm |
| ISBN :CNY2.50 |
| ● |
| 相关链接 |
|
|
|
|
正题名:电磁兼容原理
索取号:TN03/25
 
预约/预借
| 序号 | 登录号 | 条形码 | 馆藏地/架位号 | 状态 | 备注 |
| 1 | 0139457 | 001348330 | 第三借阅区/ [索取号:TN03/25] | 在馆 | |
| 2 | 0139458 | 001348376 | 第三借阅区/ [索取号:TN03/25] | 在馆 | |
| 3 | 0139459 | 001348660 | 第二样本阅览室/ [索取号:TN03/25] | 在馆 |